Tratamientos alternativos discrecionales previstos en las Normas Internacionales de Información Financiera (NIIF) (Registro nro. 17004)

Detalles MARC
000 -LEADER
fixed length control field 00578 a2200169 4500
001 - CONTROL NUMBER
control field ART_47889
005 - DATE AND TIME OF LATEST TRANSACTION
control field 20260410161721.0
008 - FIXED-LENGTH DATA ELEMENTS--GENERAL INFORMATION
fixed length control field 260409a
100 1# - MAIN ENTRY--PERSONAL NAME
Personal name Quadro, Martín E.
245 10 - TITLE STATEMENT
Title Tratamientos alternativos discrecionales previstos en las Normas Internacionales de Información Financiera (NIIF)
700 1# - ADDED ENTRY--PERSONAL NAME
Personal name Werbin, Eliana M.
700 1# - ADDED ENTRY--PERSONAL NAME
Personal name Bertoldi, Norma
700 1# - ADDED ENTRY--PERSONAL NAME
Personal name Priotto, Hugo C.
700 1# - ADDED ENTRY--PERSONAL NAME
Personal name Veteri, Liliana J.
700 1# - ADDED ENTRY--PERSONAL NAME
Personal name Pellegrinet, Mariano
773 0# - HOST ITEM ENTRY
Title Contabilidad y auditoría
Related parts - Año 24, Nº 47 (jun. 2018)
Record control number REV1723

No hay ítems disponibles.